Statistics for Problem Solver: Just Count to 20...

Click here to take the quiz!

General Stats

  • This quiz has been taken 62 times
  • The average score is 9 of 20

Answer Stats

#% Correct
3
58%
11
55%
2
55%
4
53%
1
50%
12
50%
6
50%
7
50%
9
47%
10
45%
16
42%
8
42%
14
39%
5
39%
13
37%
15
37%
18
37%
19
34%
17
32%
20
29%

Score Distribution

Percentile by Number Answered

Percent of People with Each Score

Your Score History

You have not taken this quiz